Social disorganization and deviance (Record no. 10237)

MARC details
000 -LEADER
fixed length control field 00512cam a2200193ua 4500
001 - CONTROL NUMBER
control field 11406
005 - DATE AND TIME OF LATEST TRANSACTION
control field 20260515114741.0
008 - FIXED-LENGTH DATA ELEMENTS--GENERAL INFORMATION
fixed length control field 190917n ii |||gr||||Z||||||eng
020 ## - INTERNATIONAL STANDARD BOOK NUMBER
International Standard Book Number 9789386053749
040 ## - CATALOGING SOURCE
Transcribing agency MAIN
082 ## - DEWEY DECIMAL CLASSIFICATION NUMBER
Classification number 361.1
100 ## - MAIN ENTRY--PERSONAL NAME
Personal name Vani Prabhakar,
Relator term Author.
245 ## - TITLE STATEMENT
Title Social disorganization and deviance
Statement of responsibility, etc. By Vani Prabhakar
250 ## - EDITION STATEMENT
Edition statement 1st ed.
260 ## - PUBLICATION, DISTRIBUTION, ETC.
Place of publication, distribution, etc. New Delhi:
Name of publisher, distributor, etc. Wisdom press,
Date of publication, distribution, etc. 2017.
300 ## - PHYSICAL DESCRIPTION
Extent 203p.
653 ## - INDEX TERM--UNCONTROLLED
Uncontrolled term Social problems & social welfare in general
942 ## - ADDED ENTRY ELEMENTS (KOHA)
Koha item type Books
Holdings
Withdrawn status Lost status Damaged status Not for loan Home library Current library Shelving location Date acquired Total checkouts Full call number Barcode Date last seen Copy number Price effective from Koha item type
        Naharkatiya College Library Naharkatiya College Library General stacks 09/19/2020   361.1Sociology | PRA 27346 09/19/2020 1 09/19/2020 Books